National Assembly Library of Thailand

งานช่างศิลปกรรมในท้องถิ่น (ระเบียนเลขที่ 8892)

รายละเอียดในรูปแบบ MARC
000 -LEADER
fixed length control field 00862nam a22002297a 4500
005 - DATE AND TIME OF LATEST TRANSACTION
control field 20210325180255.0
008 - FIXED-LENGTH DATA ELEMENTS--GENERAL INFORMATION
fixed length control field s2542 th tha d
020 ## - INTERNATIONAL STANDARD BOOK NUMBER
International Standard Book Number 9744174099
041 ## - LANGUAGE CODE
Language code of text/sound track or separate title tha
050 ## - LIBRARY OF CONGRESS CALL NUMBER
Classification number N7321 ศ528ง 2542
100 0# - MAIN ENTRY--PERSONAL NAME
Personal name นพวัฒน์ สมพื้น
245 10 - TITLE STATEMENT
Title งานช่างศิลปกรรมในท้องถิ่น
260 3# - PUBLICATION, DISTRIBUTION, ETC.
Place of publication, distribution, etc. กรุงเทพฯ :
Name of publisher, distributor, etc. กรมศิลปากร,
Date of publication, distribution, etc. 2542
300 ## - PHYSICAL DESCRIPTION
Extent 392 หน้า :
Other physical details ภาพประกอบ ;
Dimensions 29 ซม.
650 04 - SUBJECT ADDED ENTRY--TOPICAL TERM
Topical term or geographic name entry element ช่างศิลปะ -- ไทย
650 04 - SUBJECT ADDED ENTRY--TOPICAL TERM
Topical term or geographic name entry element ทัศนศิลป์
650 04 - SUBJECT ADDED ENTRY--TOPICAL TERM
Topical term or geographic name entry element ศิลปกรรมไทย -- ประวัติ
850 ## - HOLDING INSTITUTION
Holding institution NALT
942 ## - ADDED ENTRY ELEMENTS (KOHA)
Koha item type General Book
997 ## -
-- 000000000008892
-- [อาคารรัฐสภา 2]
998 ## - LOCAL CONTROL INFORMATION (RLIN)
-- Mr.mover Books
รายการที่มีในห้องสมุด
Withdrawn status Lost status Damaged status Not for loan Collection code Home library Current library Shelving location Total Checkouts Full call number Barcode Date last seen Copy number Price effective from Koha item type Source of classification or shelving scheme Date acquired
      Not for Loan General Book collection National Assembly Library of Thailand National Assembly Library of Thailand Parliament Building 2   N 7321 ศ528ง 2542 3961133454 09/06/2017 ฉ. 1 09/06/2017 General Book    
      Not for Loan General Book collection National Assembly Library of Thailand National Assembly Library of Thailand Parliament Building 2   N 7321 ศ528ง 2542 3961133455 09/06/2017 ฉ. 2 09/06/2017 General Book    
        Senate National Assembly Library of Thailand National Assembly Library of Thailand General Book shelves   N 7321 ศ528ง 2542 0100000637001 18/10/2022   06/05/2022 General Book Library of Congress Classification 06/05/2022
หอสมุดรัฐสภา
สำนักงานเลขาธิการสภาผู้แทนราษฎร เลขที่ 1111 ถนนสามเสน แขวงถนนนครไชยศรี เขตดุสิต กรุงเทพฯ 10300
The Secretariat of the House of Representatives 1111 Samsen Road, Thanon Nakhon Chai Si, Dusit, Bangkok 10300, THAILAND
โทรศัพท์: +66(0) 2242 5900 ต่อ 5714-5 โทรสาร: +66(0) 2242 5990 อีเมล: [email protected]